The Namib : (Record no. 162652)

MARC details
000 -LEADER
fixed length control field 00787nam a2200253 a 4500
008 - FIXED-LENGTH DATA ELEMENTS--GENERAL INFORMATION
fixed length control field
020 ## - INTERNATIONAL STANDARD BOOK NUMBER
International Standard Book Number 0620116889 (pbk.)
049 ## - LOCAL HOLDINGS (OCLC)
Holding library MAIN
050 00 - LIBRARY OF CONGRESS CALL NUMBER
Classification number QH195.N29SEE
003 - CONTROL NUMBER IDENTIFIER
control field
005 - DATE AND TIME OF LATEST TRANSACTION
control field 20230123134241.0
040 ## - CATALOGING SOURCE
Transcribing agency NUST
100 1# - MAIN ENTRY--PERSONAL NAME
Personal name Seely, Mary
245 14 - TITLE STATEMENT
Title The Namib :
Remainder of title natural history of an ancient desert /
Statement of responsibility, etc. by Mary Seely.
260 ## - PUBLICATION, DISTRIBUTION, ETC.
Place of publication, distribution, etc. Windhoek :
Name of publisher, distributor, etc. Shell Oil SWA Ltd.,
Date of publication, distribution, etc. 1987.
300 ## - PHYSICAL DESCRIPTION
Extent 104 p. :
Other physical details ill. (some col.), maps ;
Dimensions 21 cm.
440 ## - SERIES STATEMENT/ADDED ENTRY--TITLE
Title A Shell guide
504 ## - BIBLIOGRAPHY, ETC. NOTE
Bibliography, etc. note Includes bibliographical references.
651 #0 - SUBJECT ADDED ENTRY--GEOGRAPHIC NAME
Geographic name Namib Desert (Namibia)
650 #0 - SUBJECT ADDED ENTRY--TOPICAL TERM
Topical term or geographic name entry element Desert ecology
Geographic subdivision Namibia
-- Namib Desert.
650 #0 - SUBJECT ADDED ENTRY--TOPICAL TERM
Topical term or geographic name entry element Desert biology
Geographic subdivision Namibia
-- Namib Desert.
907 ## - LOCAL DATA ELEMENT G, LDG (RLIN)
a .b10213053
b 04-09-06
c 01-09-06
942 ## - ADDED ENTRY ELEMENTS (KOHA)
Koha item type Ordinary Loan Books
Holdings
Date last seen Total Checkouts Full call number Barcode Cost, replacement price Price effective from Koha item type Lost status Source of classification or shelving scheme Damaged status Not for loan Collection Withdrawn status Home library Current library Shelving location Date acquired Cost, normal purchase price
01/23/2023   QH195.N29 SEE 92003025175 80.00 01/23/2023 BOOKS   LCC     NFIC   MAIN MAIN GEN 01/23/2023 80.00